000 00471nam a2200157 i 4500
001 22340
003 ES-MaACL
005 20230906152658.0
007 t|
008 021202s1979 sp ||||1| spa d
100 1 _aAlonso-Cortés, Carolina-Dafne.
_920275
245 1 0 _aJuegos del equinoccio de septiembre /
_cCarolina-Dafne Alonso-Cortés.
260 _aMadrid :
_b[s.n.,
_c1979] (
_fImp. Coimoff)
300 _a278 p. ;
_c21 cm.
852 _aES-MaACL
_jC-21989
_bR.100346
999 _c22340
_d22340